Creating a business plan : expert solutions to everyday challenges
| Format: | Section = Libro |
|---|---|
| Language: | Undetermined Spanish |
| Published: |
Boston
[s.e]
2007
|
| Subjects: |
| LEADER | 00541nam a2200193Ia 4500 | ||
|---|---|---|---|
| 008 | 240829s9999 xx 000 0 und d | ||
| 020 | |a 978-1-4221-1885-6 | ||
| 040 | |a BIBLIOTECA-RUSB/ 658.401 C912 | ||
| 041 | |a spa | ||
| 082 | |a 658.401 C912 | ||
| 245 | 1 | 0 | |a Creating a business plan : expert solutions to everyday challenges |
| 260 | |a Boston |b [s.e] |c 2007 | ||
| 300 | |a 119 p. | ||
| 650 | 7 | |a PLANIFICACIÓN EMPRESARIAL-MANUAL | |
| 650 | 7 | |b NEGOCIOS | |
| 650 | 7 | |c EMPRESAS DE NEGOCIOS-FINANZAS | |
| 942 | |c BK |2 ddc | ||
| 991 | |a TEXTO | ||
| 999 | |c 4117 | ||